Educación cívica /
Guardado en:
| Autor Principal: | |
|---|---|
| Formato: | Libro |
| Publicado: |
Argentina :
Braga,
1986
|
| Edición: | 2a. ed. |
| Materias: | |
| Etiquetas: |
Agregar Etiqueta
Sin Etiquetas, Sea el primero en etiquetar este registro!
|
| LEADER | 01160nam a22002535a 4500 | ||
|---|---|---|---|
| 001 | CEM.cems003559 | ||
| 005 | 19000101000000.0 | ||
| 008 | 130507s1986##################000#0#####d | ||
| 003 | CEMS | ||
| 082 | 0 | 4 | |a 320 |
| 100 | 1 | |a Kechichian, Roberto | |
| 245 | 1 | 0 | |a Educación cívica / |
| 250 | |a 2a. ed. | ||
| 260 | |a Argentina : |b Braga, |c 1986 | ||
| 300 | |a 184 p. | ||
| 505 | 0 | |a Los precursores del <pensamiento cooperativista>, hasta 1844; El cooperativismo de <inspiracion Rochdaleana>, de 1844 en adelante: Predominio del enfoque doctrinario; La difusion del cooperativismo sin <Rochdale> : El enfoque de la racionalidad economica y administrativa, La cooperativa como tecnica empresarial; Adaptacion de los modelos doctrinarios y teoricos a la realidad de los paises emergentes | |
| 653 | |a Comunidad | ||
| 653 | |a Cooperativismo | ||
| 653 | |a Educacion civica 1er. año | ||
| 653 | |a Escuela y comunidad | ||
| 653 | |a Escuela y familia | ||
| 859 | |a CEMS |b BIB. CEMS - 11 de abril |h 320 |i K233-2a2/1 |p 15116.88 |t Ej.1 | ||
| 859 | |a CEMS |b BIB. CEMS - 11 de abril |h 320 |i K233-2a2/1 |p 15117.88 |t Ej.2 | ||
| 859 | |a CEMS |b BIB. CEMS - 11 de abril |h 320 |i K233-2a2/1 |p 15118.88 |t Ej.3 | ||
